Statistics for Countries that participated the most in the Men's World Cup.

Click here to take the quiz!

General Stats

  • This quiz has been taken 58 times
  • The average score is 15 of 17

Answer Stats

AppearancesAnswer% Correct
22Brazil
100%
16France
100%
18Argentina
98%
20*Germany
98%
18Italy
98%
16Spain
96%
14Uruguay
96%
18Mexico
95%
12United States
95%
16England
91%
11Netherlands
91%
11*Russia
91%
14Belgium
86%
12Sweden
84%
12Switzerland
72%
11South Korea
63%
13*Serbia
56%

Score Distribution

Percentile by Number Answered

Percent of People with Each Score

Your Score History

You have not taken this quiz